Responses for Show #6678 - Wednesday, October 2, 2013

Contestants

[<< previous game]

Kathy Johnson, a restaurant manager from Minnetonka, Minnesota

Damian Henri, an architect from Shaker Heights, Ohio

Fidelito Cortes, a writer from Port Jefferson Station, New York (whose 2-day cash winnings total $45,000)

[next game >>]

Jeopardy! Round responses

RED-DY
AIM!
FIRE!
TECH IQ
BUDDHISM
IT ENDS WITH "US"
    $200 23
Exodus

Fidelito
    $200 5
free throws

Damian
    $200 14
Chicago

Kathy
    $200 11
Twitter

Damian
    $200 1
Zen Buddhism

Fidelito
    $200 10
status

Damian
    $400 24
Japan

Fidelito
    $400 6
a hole-in-one

Kathy
    $400 15
Madame Tussaud

Damian
    $400 12
graphics

Damian
    $400 2
nirvana

Fidelito
    $400 19
Sagittarius

Fidelito
    $600 25
(Alex: Correct, with a minute to go.)

red-handed

Fidelito
    $600 7
the New Orleans Saints

Damian
    $600 16
(William Tecumseh) Sherman

Fidelito
    $600 13
a keylogger

Triple Stumper
    $600 3
the Dalai Lama

Damian
    $600 20
citrus

Fidelito
    $800 26
(Damian: What are roosters?)

the Rhode Island Red

Damian
Triple Stumper
    $800 8
(Damian: What is the pentathlon?)

the biathlon

DamianKathy
    $800 17
Sodom & Gomorrah

Fidelito
    $800 29
[The end-of-round signal sounds.]

Android

Damian
    $800 4
(Fidelito: What is the fig tree?)

the bodhi (the bo tree accepted)

FidelitoKathy
    $800 21
opus

Fidelito
    $4,200 27
anemia

Fidelito
    $1000 9
darts

Kathy
    $1000 18
the Triangle Shirtwaist Factory

Kathy
    $1000 28
karma

Fidelito
    $1000 22
Odysseus

Damian

Scores at the first commercial break (after clue 14):

Fidelito Damian Kathy
-$200 $1,400 $3,200

Scores at the end of the Jeopardy! Round:

Fidelito Damian Kathy
$9,400 $2,800 $4,200

Double Jeopardy! Round responses

ROBOTS
FRENCH DRESSING
LITERARY SELF-PORTRAITS
ON THE WESTERNMOST BORDER OF...
PICK UP THE PACE
JUSTICE SANDRA DAY O'CONNOR
(Sandra: I'm Justice Sandra Day O'Connor, with some clues about the history of the Supreme Court and the role I was privileged to play in it.)
    $400 1
(Fidelito: Who are R2-D2 & 3-CPO?)

R2-D2 & C-3PO

FidelitoDamian
    $400 7
skinny jeans

Kathy
    $400 6
Miller

Damian
    $400 17
Thailand

Kathy
    $400 16
jog

Damian
    $400 26
William Howard Taft

Kathy
    $800 2
Data

Damian
    $800 8
Hermès

Damian
    $800 12
(Kathy: Who is Steinbeck?)

Jack London

FidelitoKathy
    $3,200 19
Libya

Damian
    $800 22
barrel

Damian
    $1200 3
Metropolis

Fidelito
    $1200 9
(Fidelito: Who is Jean Paul Gaultier?)

Yves Saint Laurent

FidelitoDamian
    $1200 13
The Great Santini

Triple Stumper
    $1200 20
South Africa

Damian
    $1200 23
dash

Damian
    $1600 4
Robby

Fidelito
    $1600 10
(Fidelito: What is corduroy?)

chenille

Fidelito
Triple Stumper
    $1600 14
China

Fidelito
    $1600 21
(Fidelito: What is Iraq?)

Iran

FidelitoDamian
    $1600 24
(Alex: [*] is right, with less than a minute to go.)

scurry

Damian
    $2000 5
Astro Boy

Triple Stumper
    $2000 11
prêt-à-porter

Fidelito
    $2000 15
Look Homeward, Angel

Fidelito
    $2000 18
Algeria

Damian
    $2000 25
tear

Damian
    $2000 27
[The end-of-round signal sounds.]

concurring opinions

Triple Stumper

Scores at the end of the Double Jeopardy! Round:

Fidelito Damian Kathy
$13,800 $20,400 $4,600

[wagering suggestions for these scores]

Final Jeopardy! Round responses

INVENTORS
KathyWhat is Phillips?
$4,600
FidelitoWhat is Phillips?
$7,000
DamianWhat is Phillips?
$7,201
Phillips

Final scores:

Fidelito Damian Kathy
$20,800 $27,601 $9,200
2nd place: $2,000 New champion: $27,601 3rd place: $1,000

Game dynamics:

Coryat scores:

Fidelito Damian Kathy
$10,600 $18,000 $4,600
18 R
(including 1 DD),
5 W
23 R
(including 1 DD),
2 W
9 R,
1 W

Combined Coryat: $33,200

[game clues] [game scores] [suggest correction]

Game tape date: 2013-08-27
The J! Archive is created by fans, for fans. Scraping, republication, monetization, and malicious use prohibited; this site may use cookies and collect identifying information. See terms. The Jeopardy! game show and all elements thereof, including but not limited to copyright and trademark thereto, are the property of Jeopardy Productions, Inc. and are protected under law. This website is not affiliated with, sponsored by, or operated by Jeopardy Productions, Inc. Join the discussion at JBoard.tv.